ՀՀ Գիտությունների ազգային ակադեմիայի հիմնարար գիտական գրադարան  =   Fundamental Scientific Library of NAS RA

Селекционно-генетические, физиолого-биохимические и технологические аспекты интенсификации производства картофеля : (Record no. 184508)

MARC details
000 -LEADER
fixed length control field 01265nam a2200193 u 4500
001 - CONTROL NUMBER
control field 000499085
003 - CONTROL NUMBER IDENTIFIER
control field AM-YeHGA
005 - DATE AND TIME OF LATEST TRANSACTION
control field 20250617134600.0
008 - FIXED-LENGTH DATA ELEMENTS--GENERAL INFORMATION
fixed length control field 060907s1994 ||| r 000 0 rus d
040 ## - CATALOGING SOURCE
Original cataloging agency AM-YeHGA
041 0# - LANGUAGE CODE
Language code of text/sound track or separate title rus
090 ## - LOCALLY ASSIGNED LC-TYPE CALL NUMBER (OCLC); LOCAL CALL NUMBER (RLIN)
-- 185963
245 00 - TITLE STATEMENT
Title Селекционно-генетические, физиолого-биохимические и технологические аспекты интенсификации производства картофеля :
Remainder of title Тезисы докладов научно-производственного совещания 28 февраля-2 марта 1989 г. /
Statement of responsibility, etc. Редкол.: Ш.Я. Гилязетдинов (отв. ред.) и др.
260 ## - PUBLICATION, DISTRIBUTION, ETC.
Place of publication, distribution, etc. Уфа :
Name of publisher, distributor, etc. Б. и.,
Date of publication, distribution, etc. 1994
Date of manufacture 1989
300 ## - PHYSICAL DESCRIPTION
Extent 147с. :
Other physical details табл.
550 ## - ISSUING BODY NOTE
Issuing body note Башк. науч. центр УрО АН СССР, Урал. гос. ун-т, Гос. агропром. ком. БАССР, Башк. отд-ние ВОГиС АН СССР, Уфим. отд-ние ВБО АН СССР, Башк. отд-ние ВОФР АН СССР
653 0# - INDEX TERM--UNCONTROLLED
Uncontrolled term Пищевые производства - Производство картофеля - Тезисы докладов
700 1# - ADDED ENTRY--PERSONAL NAME
Personal name Гилязетдинов, Ш.Я.
Relator term ред.
Relationship edt
Holdings
Withdrawn status Lost status Damaged status Not for loan Collection Home library Current library Date acquired Total checkouts Full call number Barcode Date last seen Price effective from Koha item type Public note
        General Fundamental Scientific Library Fundamental Scientific Library 28/12/2016   636.21 120605382 28/12/2016 28/12/2016 Գրքեր / Books 30 Days Loan
        General Fundamental Scientific Library Fundamental Scientific Library 28/12/2016   636:612.821 120606782 28/12/2016 28/12/2016 Գրքեր / Books 30 Days Loan


ՀՀ ԳԱԱ հիմնարար գիտական գրադարան
ՀՀ,Երևան 0019
Մարշալ Բաղրամյան 24/6
հեռախոս:(374-10) 52-47-50
Հետադարձ կապ

All site content, except where otherwise noted, is licensed under a
Creative Commons License